| 000 -LEADER |
| fixed length control field |
00977cam a2200265 a 4500 |
| 001 - CONTROL NUMBER |
| control field |
4715262 |
| 003 - CONTROL NUMBER IDENTIFIER |
| control field |
OkBaRHE |
| 005 - DATE AND TIME OF LATEST TRANSACTION |
| control field |
20110303125441.0 |
| 008 - FIXED-LENGTH DATA ELEMENTS--GENERAL INFORMATION |
| fixed length control field |
831102s1984 nyuaf d 000 0 eng |
| 010 ## - LIBRARY OF CONGRESS CONTROL NUMBER |
| LC control number |
83020232 |
| 020 ## - INTERNATIONAL STANDARD BOOK NUMBER |
| International Standard Book Number |
0671418149 |
| 040 ## - CATALOGING SOURCE |
| Original cataloging agency |
DLC |
| Transcribing agency |
DLC |
| Modifying agency |
DLC |
| 050 00 - LIBRARY OF CONGRESS CALL NUMBER |
| Classification number |
PE1625 |
| Item number |
.W34 1984b |
| 082 00 - DEWEY DECIMAL CLASSIFICATION NUMBER |
| Classification number |
423 |
| Edition number |
19 |
| 245 00 - TITLE STATEMENT |
| Title |
Webster's New World dictionary of the American language / |
| Statement of responsibility, etc |
David B. Guralnik, editor in chief. |
| 250 ## - EDITION STATEMENT |
| Edition statement |
2nd college ed. |
| 260 ## - PUBLICATION, DISTRIBUTION, ETC. (IMPRINT) |
| Place of publication, distribution, etc |
New York, N.Y. : |
| Name of publisher, distributor, etc |
Simon and Schuster, |
| Date of publication, distribution, etc |
c1984. |
| 300 ## - PHYSICAL DESCRIPTION |
| Extent |
xxxvi, 1692 p., [36] p. of plates : |
| Other physical details |
ill. (some col.) ; |
| Dimensions |
29 cm. |
| 650 #0 - SUBJECT ADDED ENTRY--TOPICAL TERM |
| Topical term or geographic name as entry element |
English language |
| Geographic subdivision |
United States |
| General subdivision |
Dictionaries. |
| 9 (RLIN) |
712 |
| 650 #0 - SUBJECT ADDED ENTRY--TOPICAL TERM |
| Topical term or geographic name as entry element |
Americanisms |
| General subdivision |
Dictionaries. |
| 9 (RLIN) |
713 |
| 700 1# - ADDED ENTRY--PERSONAL NAME |
| Personal name |
Guralnik, David Bernard, |
| Dates associated with a name |
1920- |
| 9 (RLIN) |
714 |
| 906 ## - LOCAL DATA ELEMENT F, LDF (RLIN) |
| a |
7 |
| b |
cbc |
| c |
orignew |
| d |
1 |
| e |
ocip |
| f |
19 |
| g |
y-gencatlg |
| 942 ## - ADDED ENTRY ELEMENTS (KOHA) |
| Source of classification or shelving scheme |
|
| Koha item type |
Books |